| 000 | 00477nam a22001457a 4500 | ||
|---|---|---|---|
| 003 | SGT | ||
| 082 |
_a617.601 _bI21S |
||
| 100 | _aSabherwal, Ruchi | ||
| 245 | _aImpact of sense of coherence on Oral Health, Oral Health related Behaviours and Oral Health related Quality of Life among an adolescent population | ||
| 260 |
_aGurugram, Haryana _bSGT University _c2021 |
||
| 300 | _a181 | ||
| 650 | _aPublic Health Dentistry | ||
| 653 | _aPublic Health Dentistry | ||
| 942 |
_2ddc _cTH |
||
| 999 |
_c23897 _d23897 |
||